000
00261nam a2200109Ia 4500
008
200302s9999 xx 000 0 und d
100
_a
Joseph Maschek
245
_a
Adolf Loos The Art Of Architecture
260
_b
I. B. Tauris
260
_c
2013
300
_a
290 P
999
_c
4236
_d
4236